Culture Générale - Série 1757 - Statistiques

Statistiques générales
  • Ce quiz a été pris 263 fois
  • Le résultat moyen est 6 sur 10
Statistiques - réponses
Question Réponse % Correct
Quelle ville a construit le premier métro ? Londres
95%
Qui est l'heroïne de "Notre-Dame de Paris" ? Esmeralda
94%
Dans quel pays parle-t-on l'afrikaans et l'anglais ? Afrique du sud
92%
Comment appelle-t-on un bateau à trois coques ? trimaran
87%
Quel est le plus long fleuve d'Europe occidentale ? Rhin
67%
Quelles ouvertures ont en commun les poissons et les violons ? ouies
55%
Qui a fondé l'Académie Française ? cardinal de Richelieu
54%
Que collectionne un conchyophile ? coquillages
45%
Quelle capitale se dresse au confluent du Nil bleu et du Nil blanc ? Khartoum
36%
Que récolte un seringueiro au Brésil ? latex
21%
Aucun quiz correspondant
Distribution des résultats
% des personnes avec chaque résultat
Percentile par nombre de réponses
Votre historique - résultats
Vous n’avez pas pris ce quiz